<?xml version="1.0" encoding="UTF-8"?>
<record
    xmlns:xsi="http://www.w3.org/2001/XMLSchema-instance"
    xsi:schemaLocation="http://www.loc.gov/MARC21/slim http://www.loc.gov/standards/marcxml/schema/MARC21slim.xsd"
    xmlns="http://www.loc.gov/MARC21/slim">

  <leader>03527cam a2200349 a 4500</leader>
  <controlfield tag="003">EG-GiCUC</controlfield>
  <controlfield tag="005">20250223031559.0</controlfield>
  <controlfield tag="008">161019s2016    ua dh  f m    000 0 eng d</controlfield>
  <datafield tag="040" ind1=" " ind2=" ">
    <subfield code="a">EG-GiCUC</subfield>
    <subfield code="b">eng</subfield>
    <subfield code="c">EG-GiCUC</subfield>
  </datafield>
  <datafield tag="041" ind1="0" ind2=" ">
    <subfield code="a">eng</subfield>
  </datafield>
  <datafield tag="049" ind1=" " ind2=" ">
    <subfield code="a">Deposite</subfield>
  </datafield>
  <datafield tag="097" ind1=" " ind2=" ">
    <subfield code="a">M.Sc</subfield>
  </datafield>
  <datafield tag="099" ind1=" " ind2=" ">
    <subfield code="a">Cai01.11.28.M.Sc.2016.At.B</subfield>
  </datafield>
  <datafield tag="100" ind1="0" ind2=" ">
    <subfield code="a">Athar Marwan Abdelaliem Ibrahim</subfield>
  </datafield>
  <datafield tag="245" ind1="1" ind2="0">
    <subfield code="a">Bone metabolism and turnover markers in children with steroid-dependant \ frequently-relapsing and steroid- resistant nephrotic syndrome / </subfield>
    <subfield code="c">Athar Marwan Abdelaliem Ibrahim ; Supervised Emad Emil Ghobrial , Hanan Abdelaziz Ahmed ,  Riham Elsayed Hanafy</subfield>
  </datafield>
  <datafield tag="246" ind1="1" ind2="5">
    <subfield code="a">&#x639;&#x644;&#x627;&#x645;&#x627;&#x62A; &#x627;&#x644;&#x62A;&#x63A;&#x64A;&#x631; &#x641;&#x649; &#x645;&#x643;&#x648;&#x646;&#x627;&#x62A; &#x627;&#x644;&#x639;&#x638;&#x627;&#x645; &#x644;&#x623;&#x637;&#x641;&#x627;&#x644; &#x627;&#x644;&#x645;&#x635;&#x627;&#x628;&#x64A;&#x646; &#x628;&#x627;&#x644;&#x645;&#x62A;&#x644;&#x627;&#x632;&#x645;&#x629; &#x627;&#x644;&#x646;&#x641;&#x631;&#x648;&#x632;&#x64A;&#x629; &#x627;&#x644;&#x645;&#x639;&#x62A;&#x645;&#x62F;&#x629; &#x639;&#x644;&#x649; &#x627;&#x644;&#x639;&#x644;&#x627;&#x62C; &#x648;&#x627;&#x644;&#x63A;&#x64A;&#x631; &#x645;&#x633;&#x62A;&#x62C;&#x64A;&#x628;&#x629; &#x644;&#x644;&#x639;&#x644;&#x627;&#x62C; - &#x628;&#x627;&#x644;&#x643;&#x648;&#x631;&#x62A;&#x64A;&#x632;&#x648;&#x646;</subfield>
  </datafield>
  <datafield tag="260" ind1=" " ind2=" ">
    <subfield code="a">Cairo : </subfield>
    <subfield code="b">Athar Marwan Abdelaliem Ibrahim , </subfield>
    <subfield code="c">2016</subfield>
  </datafield>
  <datafield tag="300" ind1=" " ind2=" ">
    <subfield code="a">122 P. : </subfield>
    <subfield code="b">charts , facsimiles ; </subfield>
    <subfield code="c">25cm</subfield>
  </datafield>
  <datafield tag="502" ind1=" " ind2=" ">
    <subfield code="a">Thesis (M.Sc.) - Cairo University - Faculty of Medicine - Department of Pediatrics</subfield>
  </datafield>
  <datafield tag="520" ind1=" " ind2=" ">
    <subfield code="a">Background: Children with nephrotic syndrome may be at risk for metabolic bone disease because of biochemical derangement caused by renal disease as well as steroid therapy. Objectives: The aim of the work was to evaluate linear growth and bone turnover markers (Calcium, Phosphorus, Alkaline phosphatase and Osteocalcin) in nephrotic syndrome patients specially SDNS{u2215}FRNS and SRNS patients in comparison to a matched control group. Methods: The study is a cross sectional case-control study that included 30 patients with SDNS{u2215}FRNS and 30 SRNS patients aged 2-15 years matched with 28 healthy control children. Both patients and controls was subjected to clinical examination and we measured serum calcium, phosphorus, alkaline phosphatase and osteocalcin). Results: Height of both SDNS{u2215}FRNS and SRNS showed lower height for age  percentile compared to control group (p=0.017 and 0.00 respectively). Also height of all NS patients were negatively correlated to duration of steroid,  cyclophosphamide (CYP) and cyclosporine therapy (p= 0.05, p= 0.044 and 0.02 respectively).Lower serum calcium levels were (mean 8.9&#xB1;0.8) mg/dL and  significant lower calcium levels in all NS patients compared to the control group (P=0.0001). Higher ALP levels in both SDNS{u2215}FRNS and SRNS patients  compared to control group but with statistical significance for only SRNS patients (p= 0.02). Higher Serum osteocalcin levels in both SDNS{u2215}FRNS and SRNS  patients groups compared to the control group (P=0.02 and 0.01 respectively). We  also found that osteocalcin levels were negatively correlated to serum calcium  levels of our patients (p-value = 0.0001). Conclusion: Glucocorticoids therapy of NS patients especially on long term  treatment in SDNS{u2215}FRNS and SRNS patients affects the height of patients and some markers of bone metabolism in the form of decrease serum Calcium level  and increase serum alkaline phosphatase and osteocalcin level </subfield>
  </datafield>
  <datafield tag="530" ind1=" " ind2=" ">
    <subfield code="a">Issued also as CD</subfield>
  </datafield>
  <datafield tag="653" ind1=" " ind2="4">
    <subfield code="a">Frequently-Relapsing and steroid</subfield>
  </datafield>
  <datafield tag="653" ind1=" " ind2="4">
    <subfield code="a">Resistant nephrotic Syndrome</subfield>
  </datafield>
  <datafield tag="653" ind1=" " ind2="4">
    <subfield code="a">Steroid-Dependant</subfield>
  </datafield>
  <datafield tag="700" ind1="0" ind2=" ">
    <subfield code="a">Emad Emil Ghobrial , </subfield>
    <subfield code="e">Supervisor</subfield>
  </datafield>
  <datafield tag="700" ind1="0" ind2=" ">
    <subfield code="a">Hanan Abdelaziz Ahmed , </subfield>
    <subfield code="e">Supervisor</subfield>
  </datafield>
  <datafield tag="700" ind1="0" ind2=" ">
    <subfield code="a">Riham Elsayed Hanafy , </subfield>
    <subfield code="e">Supervisor</subfield>
  </datafield>
  <datafield tag="856" ind1=" " ind2=" ">
    <subfield code="u">http://172.23.153.220/th.pdf</subfield>
  </datafield>
  <datafield tag="905" ind1=" " ind2=" ">
    <subfield code="a">Nazla</subfield>
    <subfield code="e">Revisor</subfield>
  </datafield>
  <datafield tag="905" ind1=" " ind2=" ">
    <subfield code="a">Samah</subfield>
    <subfield code="e">Cataloger</subfield>
  </datafield>
  <datafield tag="942" ind1=" " ind2=" ">
    <subfield code="2">ddc</subfield>
    <subfield code="c">TH</subfield>
  </datafield>
  <datafield tag="999" ind1=" " ind2=" ">
    <subfield code="c">58191</subfield>
    <subfield code="d">58191</subfield>
  </datafield>
  <datafield tag="952" ind1=" " ind2=" ">
    <subfield code="2">ddc</subfield>
    <subfield code="7">0</subfield>
    <subfield code="a">CUCL</subfield>
    <subfield code="b">cl210</subfield>
    <subfield code="d">2024-02-11</subfield>
    <subfield code="o">Cai01.11.28.M.Sc.2016.At.B</subfield>
    <subfield code="p">01010110069961000</subfield>
    <subfield code="r">2023-09-22 00:00:00</subfield>
    <subfield code="y">TH</subfield>
  </datafield>
  <datafield tag="952" ind1=" " ind2=" ">
    <subfield code="2">ddc</subfield>
    <subfield code="7">0</subfield>
    <subfield code="a">CUCL</subfield>
    <subfield code="b">cl2u8</subfield>
    <subfield code="d">2024-02-11</subfield>
    <subfield code="o">Cai01.11.28.M.Sc.2016.At.B</subfield>
    <subfield code="p">01020110069961000</subfield>
    <subfield code="r">2023-09-22 00:00:00</subfield>
    <subfield code="t">69961.CD     </subfield>
    <subfield code="y">CD</subfield>
  </datafield>
</record>
